[Event "Medellin Castro Memorial op-B 31st"]
[Site "Medellin"]
[Date "2024.08.10"]
[Round "7"]
[White "Perez Pineda, Lizeth Yesenia"]
[Black "Uribe Valencia, Victor Alexis"]
[Result "0-1"]
[WhiteElo "1696"]
[BlackElo "1828"]
[PlyCount "108"]
[EventDate "2024.08.07"]
[EventType "swiss"]
[EventRounds "9"]
[EventCountry "COL"]
[SourceTitle "CBM 221 Extra"]
[Source "ChessBase"]
[SourceDate "2024.09.30"]
[SourceVersion "1"]
[SourceVersionDate "2024.09.30"]
[SourceQuality "1"]

1. e4 c5 2. Nf3 Nc6 3. d4 cxd4 4. Nxd4 Nf6 5. Nc3 e5 6. Ndb5 d6 7. Bg5 a6 8. Na3 b5 9. Nd5 Be7 10. Bxf6 Bxf6 11. c4 b4 12. Nc2 0-0 13. b3 Rb8 14. Bd3 Bg5 15. Nce3 Nd4 16. 0-0 g6 17. f4 exf4 18. Nxf4 Bf6 19. Nfd5 Bg7 20. Rc1 Nc6 21. Kh1 Ne5 22. Bb1 a5 23. Qd2 Be6 24. Rcd1 Qh4 25. Qf2 Qxf2 26. Rxf2 Bxd5 27. Nxd5 Nd7 28. Ne7+ Kh8 29. Rxd6 Nf6 30. h3 Nh5 31. Rd5 Rbe8 32. Rd7 Nf6 33. Ra7 Nxe4 34. Rc2 Bd4 35. Rd7 Bc5 36. Nc6 Ng3+ 37. Kh2 Nf1+ 38. Kh1 Re1 39. Rb2 Nd2+ 40. Kh2 Nxb1 41. Nxa5 Nc3 42. Nb7 Ba7 43. Nd6 Bb8 44. g3 Bxd6 45. Rxd6 Ra8 46. c5 Rc8 47. Rd4 Rxc5 48. Rxb4 Nd1 49. Rd2 Ne3 50. Rf2 Rcc1 51. g4 Rh1+ 52. Kg3 Rcg1+ 53. Kh4 Kg7 54. Rb7 Rxg4# 0-1

[Event "Medellin Castro Memorial op-B 31st"]
[Site "Medellin"]
[Date "2024.08.09"]
[Round "5"]
[White "Perez Pineda, Lizeth Yesenia"]
[Black "Olarte Puerta, Carlos Andres"]
[Result "1-0"]
[WhiteElo "1696"]
[BlackElo "1845"]
[PlyCount "63"]
[EventDate "2024.08.07"]
[EventType "swiss"]
[EventRounds "9"]
[EventCountry "COL"]
[SourceTitle "CBM 221 Extra"]
[Source "ChessBase"]
[SourceDate "2024.09.30"]
[SourceVersion "1"]
[SourceVersionDate "2024.09.30"]
[SourceQuality "1"]

1. e4 e5 2. Nf3 Nf6 3. Nxe5 d6 4. Nf3 Nxe4 5. Nc3 Nf6 6. d4 d5 7. Bd3 Bb4 8. Bd2 Nc6 9. 0-0 Bg4 10. Re1+ Be7 11. Be3 Qd7 12. a3 0-0-0 13. b4 g5 14. b5 Na5 15. Be2 Bxf3 16. Bxf3 g4 17. Be2 h5 18. Na4 Ne4 19. Nc5 Bxc5 20. dxc5 f5 21. c6 Qd6 22. cxb7+ Kb8 23. Qd4 c5 24. Qa4 Nxb7 25. g3 Qf6 26. Bf4+ Ka8 27. Bc7 Nc3 28. Qa6 Nxe2+ 29. Kf1 Qxa6 30. bxa6 Rd7 31. axb7+ Kxb7 32. Be5 1-0

[Event "Medellin Castro Memorial op-B 31st"]
[Site "Medellin"]
[Date "2024.08.08"]
[Round "2"]
[White "Salazar, Andres Felipe"]
[Black "Perez Pineda, Lizeth Yesenia"]
[Result "1-0"]
[WhiteElo "1921"]
[BlackElo "1696"]
[PlyCount "61"]
[EventDate "2024.08.07"]
[EventType "swiss"]
[EventRounds "9"]
[EventCountry "COL"]
[SourceTitle "CBM 221 Extra"]
[Source "ChessBase"]
[SourceDate "2024.09.30"]
[SourceVersion "1"]
[SourceVersionDate "2024.09.30"]
[SourceQuality "1"]

1. Nf3 c5 2. b3 Nf6 3. Bb2 d6 4. g3 Nc6 5. Bg2 Bf5 6. d3 g6 7. c4 Bg7 8. Nbd2 Qc8 9. h3 Nb4 10. a3 Nc6 11. Rb1 a5 12. e4 Bd7 13. d4 cxd4 14. Nxd4 Ne5 15. Qe2 Nh5 16. Kf1 f5 17. exf5 Bxf5 18. Nxf5 Qxf5 19. Kg1 0-0 20. Bxb7 Rab8 21. Be4 Qg5 22. Kh2 Qh6 23. Nf3 Nxf3+ 24. Bxf3 Nf6 25. Bc1 g5 26. h4 Qg6 27. Bxg5 Qf5 28. Kg2 e5 29. Bxf6 Rxf6 30. Be4 Qe6 31. Bd5 1-0

[Event "Pereira op"]
[Site "Pereira"]
[Date "2024.07.17"]
[Round "1"]
[White "Ortiz Lopera, Miguel Angel"]
[Black "Perez Pineda, Lizeth Yesenia"]
[Result "1-0"]
[WhiteElo "1977"]
[BlackElo "1728"]
[PlyCount "97"]
[EventDate "2024.07.17"]
[EventType "swiss"]
[EventRounds "10"]
[EventCountry "COL"]
[SourceTitle "EXT 2025"]
[Source "ChessBase"]
[SourceDate "2024.10.14"]
[SourceVersion "1"]
[SourceVersionDate "2024.10.14"]
[SourceQuality "1"]

1. e4 c5 2. Nf3 d6 3. d4 cxd4 4. Nxd4 Nf6 5. Nc3 g6 6. Be3 Bg7 7. f3 Nc6 8. Qd2 0-0 9. 0-0-0 d5 10. exd5 Nxd5 11. Nxc6 bxc6 12. Bd4 Nf6 13. g4 Qc7 14. Qe3 Be6 15. h4 c5 16. Bxf6 Bxf6 17. Ne4 Be5 18. Kb1 Qa5 19. b3 c4 20. Qc5 Qxc5 21. Nxc5 cxb3 22. axb3 Bc8 23. h5 g5 24. Bc4 Bd6 25. Ne4 Bf4 26. h6 Bb7 27. Rd7 Bxe4 28. fxe4 e6 29. Rhd1 a5 30. Bb5 Be3 31. R1d3 Bc5 32. Rc3 Bb4 33. Rf3 Rad8 34. Rfxf7 Bc3 35. Rxf8+ Rxf8 36. Bc4 Re8 37. Rc7 Bd4 38. Ka2 Bf6 39. Rc8 Rxc8 40. Bxe6+ Kf8 41. Bxc8 Bc3 42. Ka3 Kf7 43. Bf5 Bb4+ 44. Ka4 Bf8 45. Kxa5 Bxh6 46. Bxh7 Bg7 47. c4 Ke7 48. Kb6 Kd8 49. Bf5 1-0

[Event "Pereira op"]
[Site "Pereira"]
[Date "2024.07.17"]
[Round "2"]
[White "Perez Pineda, Lizeth Yesenia"]
[Black "Lopez, Ricardo Andres"]
[Result "0-1"]
[WhiteElo "1728"]
[BlackElo "1891"]
[PlyCount "76"]
[EventDate "2024.07.17"]
[EventType "swiss"]
[EventRounds "10"]
[EventCountry "COL"]
[SourceTitle "EXT 2025"]
[Source "ChessBase"]
[SourceDate "2024.10.14"]
[SourceVersion "1"]
[SourceVersionDate "2024.10.14"]
[SourceQuality "1"]

1. e4 c5 2. Nf3 d6 3. d4 cxd4 4. Nxd4 Nf6 5. Nc3 a6 6. h3 e5 7. Nde2 b5 8. g4 Bb7 9. Bg2 Be7 10. a3 Nfd7 11. Ng3 g6 12. Bh6 Nb6 13. Qe2 Nc6 14. Qd1 Nc4 15. b3 Qa5 16. b4 Qd8 17. Nd5 Rc8 18. Nxe7 Qxe7 19. c3 Nd8 20. Bf1 Ne6 21. Bxc4 Rxc4 22. Qd3 Nf4 23. Qd2 Bxe4 24. Nxe4 Rxe4+ 25. Kf1 Re2 26. Bxf4 Rxd2 27. Bxd2 0-0 28. Be3 f5 29. gxf5 Rxf5 30. Rd1 Qb7 31. Rg1 Qf3 32. Ke1 d5 33. Rg3 Qe4 34. Kf1 Kf7 35. Bc5 Ke6 36. Re3 Qh4 37. Red3 e4 38. Rg3 Qxg3 0-1